Biblioteca y Centro de Documentación

La mujer en el mundo de hoy (Registro nro. 6689)

Detalles MARC
000 -CABECERA
Longitud fija campo de control 01786nam a2200445 c 4500
001 - NÚMERO DE CONTROL
Número de control 6689
003 - IDENTIFICADOR DE NÚMERO DE CONTROL
Identificador del número de control ES-MaCES
005 - FECHA Y HORA DE LA ÚLTIMA TRANSACCIÓN
Fecha y hora de la última transacción 20150929135406.0
008 - CAMPO FIJO DE DESCRIPCIÓN FIJA--INFORMACIÓN GENERAL
Códigos de información de longitud fija   980403s1997 sp ||| | spa d
017 ## - NÚMERO DE REGISTRO DE DERECHOS DE AUTOR Y DEPÓSITO LEGAL
Número de copyright o de depósito legal M. 16.002-1997
Agencia que asigna el número DL
020 ## - ISBN (INTERNATIONAL STANDARD BOOK NUMBER)
Número Internacional Normalizado para Libros (ISBN) 8488816316
035 ## - NÚMERO DE CONTROL DEL SISTEMA
Número de control del sistema CES19980067508m
040 ## - FUENTE DE CATALOGACIÓN
Centro catalogador de origen ES-MaCES
Lengua de catalogación spa
Centro transcriptor ES-MaCES
245 03 - MENCIÓN DE TÍTULO
Título La mujer en el mundo de hoy
Resto del título : situación y políticas de los gobiernos : (en torno a la IV Conferencia Intergubernamental de Naciones Unidas, Pekín, septiembre de 1995)
Mención de responsabilidad, etc. autoras y autores, Ivanka Korti ; prólogo, Amalia Gómez Gómez ; estudio preliminar, Matilde Vázquez ; coordinación, Matilde Vázquez y María Rosa Villalba Simón
260 ## - PUBLICACIÓN, DISTRIBUCIÓN, ETC (PIE DE IMPRENTA)
Lugar de publicación, distribución, etc. Madrid
Nombre del editor, distribuidor, etc. Escuela Libre
Fecha de publicación, distribución, etc. 1997
300 ## - DESCRIPCIÓN FÍSICA
Extensión XXXI, 436 p.
Dimensiones 25 cm
490 1# - MENCIÓN DE SERIE
Mención de serie Colección Solidaridad / Fundación ONCE
Designación de volumen o secuencia 10
504 ## - NOTA DE BIBLIOGRAFÍA, ETC.
Nota de bibliografía, etc. Bibliografía. Indice
541 ## - NOTA DE LA FUENTE INMEDIANTE DE ADQUISICIÓN
Forma de adquisición Compra
611 24 - ASIENTO SECUNDARIO DE MATERIA--NOMBRE DE REUNIÓN
Nombre de congreso o nombre de jurisdicción como elemento inicial Conferencia Mundial de las Naciones Unidas sobre las Mujeres
Número del congreso o número de parte o sección de la obra
Fecha del congreso 1995
Sede del congreso Beijing, China
9 (RLIN) 52
650 #4 - ASIENTO SECUNDARIO DE MATERIA--TÉRMINO DE MATERIA
Término de materia o nombre geográfico como elemento inicial mujeres
9 (RLIN) 28657
650 #4 - ASIENTO SECUNDARIO DE MATERIA--TÉRMINO DE MATERIA
Término de materia o nombre geográfico como elemento inicial condiciones sociales
9 (RLIN) 30469
650 #4 - ASIENTO SECUNDARIO DE MATERIA--TÉRMINO DE MATERIA
Término de materia o nombre geográfico como elemento inicial derechos de la mujer
9 (RLIN) 27173
650 #4 - ASIENTO SECUNDARIO DE MATERIA--TÉRMINO DE MATERIA
Término de materia o nombre geográfico como elemento inicial igualdad de oportunidades
9 (RLIN) 27183
650 #4 - ASIENTO SECUNDARIO DE MATERIA--TÉRMINO DE MATERIA
Término de materia o nombre geográfico como elemento inicial educación de la mujer
9 (RLIN) 27368
650 #4 - ASIENTO SECUNDARIO DE MATERIA--TÉRMINO DE MATERIA
Término de materia o nombre geográfico como elemento inicial feminismo
9 (RLIN) 31029
650 #4 - ASIENTO SECUNDARIO DE MATERIA--TÉRMINO DE MATERIA
Término de materia o nombre geográfico como elemento inicial política gubernamental
9 (RLIN) 27211
650 #4 - ASIENTO SECUNDARIO DE MATERIA--TÉRMINO DE MATERIA
Término de materia o nombre geográfico como elemento inicial desarrollo institucional
9 (RLIN) 29802
650 #4 - ASIENTO SECUNDARIO DE MATERIA--TÉRMINO DE MATERIA
Término de materia o nombre geográfico como elemento inicial papel de España
9 (RLIN) 29138
653 10 - TÉRMINO DE INDEXACIÓN--NO CONTROLADO
Término no controlado Mujer
650 #4 - ASIENTO SECUNDARIO DE MATERIA--TÉRMINO DE MATERIA
9 (RLIN) 26752
Término de materia o nombre geográfico como elemento inicial UE
700 1# - ENCABEZAMIENTO SECUNDARIO--NOMBRE PERSONAL
Nombre de persona Korti, Ivanka
9 (RLIN) 15915
700 1# - ENCABEZAMIENTO SECUNDARIO--NOMBRE PERSONAL
Nombre de persona Gómez Gómez, Amalia
9 (RLIN) 13631
700 1# - ENCABEZAMIENTO SECUNDARIO--NOMBRE PERSONAL
Nombre de persona Vázquez, Matilde
Término indicativo de función est. prelim.
-- coord.
9 (RLIN) 25575
700 1# - ENCABEZAMIENTO SECUNDARIO--NOMBRE PERSONAL
Nombre de persona Villalba Simón, María Rosa
Término indicativo de función coord.
9 (RLIN) 25904
830 #0 - ENCABEZAMIENTO SECUNDARIO DE COLECCIÓN--TÍTULO UNIFORME
Título uniforme Colección Solidaridad / Fundación ONCE
Designación de volumen o secuencia 10
9 (RLIN) 32121
902 ## - CES. TIPO DE DOCUMENTO
Tipodoc (006$c Sirtex) LIB Libro
942 ## - ELEMENTOS KOHA
Fuente de clasificaión o esquema Clasificación propia del CES
Koha [por defecto] tipo de item Monografías
Parte de clasificación 3.3.
Existencias
Número de registro Signatura completa Tipo de item de Koha
024708 DPT-6362 Monografías
© CES, Consejo Económico y Social de España 2021